00855nam a22002537a 450000500170000001000130001702000230003003500130005303700160006604000120008208200130009410000210010724500940012826000460022227000450026830000200031365000220033365000260035570000280038170000270040994200220043699900190045895201240047720170124110040.0 aB-181167 c120.00a8186754598 aB-181167 bCen Lib/Ret aDPLbEN a881bMOE aMoe, Tin 923458 aSongster in a boat /cby Tin Moe; translated by Maung Thar Noe; edited by C.P. Prabhakar  aNew Delhi bIrrawaddy Publications c2002 bNew Delhi aE-block, vikas puri e110018 a128p.c21cm(Hb) aLiterature 96262 aBurmese poetry923459 aNoe, Maung Thar 923460 aPrabhakar, C.P.923461 2ddccENh881mMOE c128457d128457 00104070aLbLd2015-07-02eCen Lib/Retg120.00l0o881 MOEpB-181167r2015-07-02 00:00:00t1v120.00w2015-07-02yEN